000 00997nam a22002537a 4500
003 0
005 20250211151301.0
008 250211b xxu||||| |||| 00| 0 eng d
050 _aBF 637.S4
_b.Se45 2023
100 _aMabeza, Immanuel Isaiah R.
245 _aSelf-care scale levels of gig-economy-riders in selected cities of Mero Manila towards a mental health program.
_cImmanuel Isiah R. Mabeza and four others
260 _aLas Pinas City
_bSouthville International School and Colleges
_c2023
300 _aix, 72 pages;
_c28cm.
500 _aBachelor of Science in Nursing.
504 _aIncludes bibliographical references and appendices.
650 _aSelf-care practices—Gig-economy workers.
650 _aMental health programs—Delivery riders.
650 _aOccupational health—Gig-workers.
700 _aMiyagawa, Ryuta A.
700 _aNuevo, Jasmine Joy B.
700 _aPraxides, Maria Victoria A.
700 _aQuidric, Carlos Alfonso J.
942 _2lcc
_cTH
999 _c367165
_d367165